[Event "4NCL Online Division 7"]
[Site "online"]
[Date "2021.02.23"]
[EventDate "2021.02.23"]
[Round "3.313"]
[White "Ezra, Raymond"]
[WhiteElo "1234"]
[WhiteTeam "St Andrews White Cross 2"]
[Black "Cepoi, Gesneria-Codruta"]
[BlackElo "942"]
[BlackTeam "Uxbridge Fury"]
[Result "0-1"]
[PlyCount "76"]

1. d4 f5 2. Nf3 d5 3. e3 Nc6 4. c4 Nf6 5. cxd5 Nxd5 6. Bd2 e6 7. Nc3 Bb4 8. a3 Bxc3 9. bxc3 Bd7 10. c4 Nf6 11. Bd3 Qe7 12. Qc2 O-O-O 13. Qb3 e5 14. Rb1 b6 15. Nxe5 Nxe5 16. dxe5 Qxe5 17. Bc3 Qe7 18. O-O Rde8 19. Rfe1 Ne4 20. Bb4 Nc5 21. Bxc5 Qxc5 22. Qb4 Re5 23. Qxc5 Rxc5 24. f4 Bc6 25. Rbd1 Rd8 26. Bc2 Rxd1 27. Rxd1 g6 28. Bb3 Kb7 29. Rd8 Ra5 30. a4 a6 31. Rh8 b5 32. cxb5 axb5 33. axb5 Rxb5 34. Bf7 Rb1+ 35. Kf2 Rb2+ 36. Kg3 Rxg2+ 37. Kh3 Rg4 38. Rxh7 Bg2# 0-1

[Event "4NCL Online Division 7"]
[Site "online"]
[Date "2021.02.23"]
[EventDate "2021.02.23"]
[Round "3.314"]
[White "Peddireddi, Satya"]
[WhiteElo "920"]
[WhiteTeam "Uxbridge Fury"]
[Black "Askin, Floyd"]
[BlackElo "1300"]
[BlackTeam "St Andrews White Cross 2"]
[Result "0-1"]
[PlyCount "128"]

1. e4 e5 2. Nf3 Nc6 3. c3 Nf6 4. Qa4 d5 5. Nxe5 Bd7 6. Nxc6 Bxc6 7. Qd1 dxe4 8. Bc4 Bd6 9. d3 O-O 10. Bg5 exd3 11. Qxd3 Re8+ 12. Be3 Bf4 13. O-O Qxd3 14. Bxd3 Bxe3 15. Re1 Bb6 16. Rxe8+ Rxe8 17. Na3 Rd8 18. Rd1 Kf8 19. Kf1 Be4 20. Be2 Rxd1+ 21. Bxd1 h5 22. f3 Bd5 23. c4 Be6 24. b4 a5 25. Nc2 axb4 26. Be2 c5 27. Ne3 Ke7 28. h3 Kd6 29. g4 hxg4 30. hxg4 g5 31. Bd3 Ke5 32. Nf5 Bxf5 33. Bxf5 Kd4 34. Ke2 Kxc4 35. Bd3+ Kd4 36. Kd2 Nd5 37. Be4 Bc7 38. Kc2 b5 39. Kb3 c4+ 40. Kb2 c3+ 41. Kb3 Ne3 42. Kxb4 c2 43. Bxc2 Nxc2+ 44. Kb3 Ne3 45. Kb4 Ke5 46. Kxb5 Kf4 47. a4 Kxf3 48. a5 Bxa5 49. Kxa5 Kxg4 50. Kb4 f5 51. Kc3 f4 52. Kd2 Kf3 53. Ke1 g4 54. Kd2 g3 55. Ke1 g2 56. Kd2 g1=Q 57. Kd3 Qd1+ 58. Kc3 Ke4 59. Kb4 f3 60. Kc5 f2 61. Kc6 f1=Q 62. Kc7 Qc4+ 63. Kb7 Qb1+ 64. Ka7 Qa4# 0-1

[Event "4NCL Online Division 7"]
[Site "online"]
[Date "2021.02.23"]
[EventDate "2021.02.23"]
[Round "3.321"]
[White "Scheffel, Charlie"]
[WhiteElo "1167"]
[WhiteTeam "Barnet Knights F"]
[Black "Dobbie, Graham"]
[BlackElo "1823"]
[BlackTeam "East Kilbride Rovers"]
[Result "0-1"]
[PlyCount "68"]

1. e4 e5 2. Nf3 Nf6 3. Nc3 Nc6 4. Bc4 Nxe4 5. Bxf7+ Kxf7 6. Nxe4 d5 7. Neg5+ Kg8 8. d3 h6 9. Nh3 Bd6 10. c3 Qf6 11. Bd2 Bxh3 12. gxh3 Rf8 13. Be3 Qxf3 14. Qxf3 Rxf3 15. O-O-O d4 16. Bd2 Rxf2 17. cxd4 exd4 18. Rhe1 Kh7 19. Re6 Rhf8 20. Rg1 Rf1+ 21. Rxf1 Rxf1+ 22. Kc2 Rf2 23. Re8 Bb4 24. Kb3 Bxd2 25. Re6 Bc1 26. Kc4 Rxb2 27. Re8 Rxa2 28. Rc8 Bf4 29. Kd5 Ne7+ 30. Ke6 Nxc8 31. Kd7 Nb6+ 32. Kd8 Bd6 33. Ke8 Rf2 34. h4 Rf8# 0-1

[Event "4NCL Online Division 7"]
[Site "online"]
[Date "2021.02.23"]
[EventDate "2021.02.23"]
[Round "3.322"]
[White "Nagar, Pankaj"]
[WhiteElo "779"]
[WhiteTeam "East Kilbride Rovers"]
[Black "Rowland, Benjamin"]
[BlackElo "1142"]
[BlackTeam "Barnet Knights F"]
[Result "1-0"]
[PlyCount "133"]

1. e4 e5 2. Nc3 Bc5 3. Nf3 d6 4. Bc4 Nf6 5. d4 exd4 6. Nxd4 Nxe4 7. Ncb5 a6 8. Nc3 Nxc3 9. bxc3 Qf6 10. O-O Qg6 11. Re1+ Kf8 12. Qf3 Bxd4 13. cxd4 Nc6 14. c3 Bg4 15. Qg3 Bf5 16. Qxg6 Bxg6 17. Re3 Na5 18. Bd3 Bxd3 19. Rxd3 Re8 20. Bd2 g6 21. Re1 Nc4 22. Rxe8+ Kxe8 23. Bf4 Kd7 24. d5 Re8 25. Kf1 f5 26. Rd4 b5 27. f3 a5 28. Rd1 Ne3+ 29. Bxe3 Rxe3 30. Rc1 Rd3 31. Ke2 Rxd5 32. Ke3 g5 33. f4 g4 34. h3 gxh3 35. gxh3 Rc5 36. Kd4 b4 37. c4 Kc6 38. h4 d5 39. cxd5+ Kb6 40. Rxc5 h5 41. Kc4 Kb7 42. Rxa5 Kc8 43. Kxb4 Kd7 44. Ra6 Ke7 45. Kc5 Kd7 46. Rh6 Ke7 47. Rxh5 Kf6 48. Rh6+ Ke7 49. h5 Kf7 50. Rc6 Kg7 51. Rxc7+ Kh6 52. Rf7 Kxh5 53. Rxf5+ Kg4 54. Rf8 Kf3 55. f5 Ke4 56. f6 Ke5 57. d6 Ke6 58. a4 Kd7 59. Rf7+ Ke8 60. Ra7 Kf8 61. d7 Kf7 62. d8=Q+ Ke6 63. Qd6+ Kf5 64. Qd5+ Kxf6 65. Ra6+ Ke7 66. Qb7+ Ke8 67. Ra8# 1-0

[Event "4NCL Online Division 7"]
[Site "online"]
[Date "2021.02.23"]
[EventDate "2021.02.23"]
[Round "3.323"]
[White "Rasalingam, Rishi"]
[WhiteElo "1181"]
[WhiteTeam "Barnet Knights F"]
[Black "Nagar, Nikunj"]
[BlackElo "653"]
[BlackTeam "East Kilbride Rovers"]
[Result "1-0"]
[PlyCount "133"]

1. e4 c5 2. b3 Nc6 3. Bb2 d6 4. Bb5 Bd7 5. Bxc6 Bxc6 6. d3 Nf6 7. Nd2 e6 8. f4 Be7 9. Ngf3 O-O 10. O-O Qb6 11. Kh1 Ng4 12. Qe2 Bf6 13. Nc4 Qc7 14. c3 b5 15. Ne3 Nxe3 16. Qxe3 Rfe8 17. e5 dxe5 18. fxe5 Be7 19. d4 cxd4 20. cxd4 Rad8 21. Rac1 Qb7 22. Qc3 Rc8 23. Qe3 Bxf3 24. Rxf3 h6 25. Rcf1 Rf8 26. Qf2 Bg5 27. h4 Be7 28. Rxf7 Rxf7 29. Qxf7+ Kh8 30. Kg1 Rf8 31. Qxe6 Rxf1+ 32. Kxf1 Bxh4 33. d5 Qc7 34. Qf5 Qa5 35. Qb1 Qb6 36. Qc2 Qd8 37. Qe4 Qf8+ 38. Qf3 Qxf3+ 39. gxf3 Kg8 40. e6 Kf8 41. d6 Ke8 42. Bxg7 Bg3 43. d7+ Ke7 44. Bf6+ Kxf6 45. d8=Q+ Kxe6 46. Qg8+ Kd6 47. Qxg3+ Ke7 48. f4 Kf6 49. Qh4+ Kg6 50. Qe7 h5 51. Qxa7 h4 52. Qg1+ Kf5 53. Qg5+ Ke4 54. Qxh4 Kd3 55. f5 b4 56. f6 Kc2 57. f7 Kb1 58. f8=Q Ka1 59. Qe1+ Kb2 60. Qf6+ Ka3 61. Qc1+ Kxa2 62. Qf2+ Kxb3 63. Qce3+ Ka4 64. Qa7+ Kb3 65. Qaa2+ Kc3 66. Qf3+ Kd4 67. Qad5# 1-0

[Event "4NCL Online Division 7"]
[Site "online"]
[Date "2021.02.23"]
[EventDate "2021.02.23"]
[Round "3.324"]
[White "Pardeshi, Prachi"]
[WhiteElo "523"]
[WhiteTeam "East Kilbride Rovers"]
[Black "Kuryan, Elizabeth"]
[BlackElo "910"]
[BlackTeam "Barnet Knights F"]
[Result "0-1"]
[PlyCount "124"]

1. e4 c5 2. Nf3 Nc6 3. Nc3 d6 4. Bb5 Bd7 5. d4 cxd4 6. Nxd4 Qb6 7. Nxc6 Bxc6 8. Be3 Qc7 9. Bc4 Nf6 10. Qd4 g6 11. Nb5 Qd7 12. Nxa7 Bxe4 13. Qxe4 Nxe4 14. Bb5 Qxb5 15. Nxb5 Rc8 16. c3 Bg7 17. O-O O-O 18. f3 Nc5 19. a4 Nd3 20. Rab1 Ra8 21. Rfd1 Ne5 22. Bg5 f6 23. Nc7 Rxa4 24. Ne6 Rc8 25. b3 Ra6 26. Bd2 Kf7 27. Nxg7 Kxg7 28. f4 Nd3 29. Be3 Nc5 30. Re1 Kf7 31. g4 Ne4 32. Bd4 Nxc3 33. Rbc1 Rac6 34. Re3 Ne2+ 35. Rxe2 Rxc1+ 36. Kf2 R1c2 37. Rxc2 Rxc2+ 38. Kg3 Rd2 39. Be3 Rd3 40. Kf3 Rxb3 41. h4 d5 42. Ke2 Rb2+ 43. Kd3 b5 44. Kd4 e6 45. Kc3 Rh2 46. h5 gxh5 47. gxh5 Rxh5 48. Kb4 Rh3 49. Bc5 h5 50. Kxb5 h4 51. Kc6 Rg3 52. Bf2 Rg4 53. Be3 h3 54. Kd6 h2 55. Kd7 h1=Q 56. Kd6 Qe4 57. Bc5 Qxf4+ 58. Kc6 Qc4 59. Kd6 Qa4 60. Kc7 Qb5 61. Bd6 Rc4+ 62. Kd8 Qe8# 0-1

[Event "4NCL Online Division 7"]
[Site "online"]
[Date "2021.02.23"]
[EventDate "2021.02.23"]
[Round "3.331"]
[White "Uckuronis, Gie"]
[WhiteElo "1375"]
[WhiteTeam "Hertford 4"]
[Black "Evans, Damian"]
[BlackElo "1510"]
[BlackTeam "BCC Dinosaurs"]
[Result "0-1"]
[PlyCount "84"]

1. d3 e5 2. Nf3 d6 3. e3 Nf6 4. Nc3 c6 5. Be2 Be7 6. O-O O-O 7. Bd2 Nbd7 8. a4 a5 9. Ng5 h6 10. Nge4 d5 11. Nxf6+ Nxf6 12. f4 Qc7 13. Rf2 exf4 14. Rxf4 g5 15. Rf2 Be6 16. Qf1 Ng4 17. Bxg4 Bxg4 18. h3 Bh5 19. e4 Bc5 20. Kh1 Bxf2 21. Qxf2 dxe4 22. Nxe4 Bg6 23. Nf6+ Kg7 24. Bc3 Qd8 25. Ng4+ Kh7 26. Bf6 Qd6 27. Qd2 Qf4 28. Qc3 Qb4 29. Qe5 Qf4 30. Qc3 h5 31. Be5 Qb4 32. Nf6+ Kh6 33. Ng4+ hxg4 34. Bg7+ Kh7 35. Qe5 Qf4 36. Qc3 Rg8 37. Bf6 gxh3 38. Be5 hxg2+ 39. Kg1 Qb4 40. Kxg2 Qxc3 41. Rh1+ Bh5 42. Rxh5+ Kg6 0-1

[Event "4NCL Online Division 7"]
[Site "online"]
[Date "2021.02.23"]
[EventDate "2021.02.23"]
[Round "3.332"]
[White "Reis, David"]
[WhiteElo "1411"]
[WhiteTeam "BCC Dinosaurs"]
[Black "Gregory, Gerald"]
[BlackElo "1417"]
[BlackTeam "Hertford 4"]
[Result "0-1"]
[PlyCount "80"]

1. d4 d5 2. Bf4 Nf6 3. e3 e6 4. h3 c5 5. Bxb8 Rxb8 6. Bb5+ Nd7 7. Nf3 a6 8. Bxd7+ Qxd7 9. O-O Bd6 10. dxc5 Bxc5 11. Nbd2 O-O 12. c4 b5 13. cxb5 Qxb5 14. Nb3 Be7 15. Nbd4 Qb6 16. b3 Qd6 17. a3 e5 18. Ne2 Bf6 19. b4 Bb7 20. e4 Qe6 21. exd5 Bxd5 22. Nc3 Rfd8 23. Nxd5 Rxd5 24. Qa4 e4 25. Nh2 Bxa1 26. Rxa1 Rbd8 27. Ng4 f5 28. Ne3 Qe5 29. Rd1 Rxd1+ 30. Nxd1 Qa1 31. Kh2 Qxd1 32. Qxa6 Qd6+ 33. Qxd6 Rxd6 34. g4 f4 35. Kg2 Kf7 36. h4 Ke7 37. Kf1 Kd7 38. Ke2 Rd3 39. f3 Re3+ 40. Kd2 exf3 0-1

[Event "4NCL Online Division 7"]
[Site "online"]
[Date "2021.02.23"]
[EventDate "2021.02.23"]
[Round "3.333"]
[White "Hurley, James"]
[WhiteElo "1323"]
[WhiteTeam "Hertford 4"]
[Black "Cummins, Mark"]
[BlackElo "1162"]
[BlackTeam "BCC Dinosaurs"]
[Result "0-1"]
[PlyCount "114"]

1. e4 c6 2. Nf3 d5 3. e5 Bf5 4. Nd4 e6 5. Nxf5 exf5 6. d4 Qb6 7. c3 Nd7 8. Bd3 g6 9. O-O O-O-O 10. Na3 a5 11. c4 Qxd4 12. cxd5 Qxd5 13. Nc4 b6 14. Ne3 Qe6 15. Re1 Nc5 16. Qe2 Rxd3 17. a3 Bh6 18. b4 Rxe3 19. Bxe3 Bxe3 20. fxe3 Nb3 21. Qa6+ Kc7 22. Qa7+ Kc8 23. Rad1 Qe7 24. Qxb6 Qc7 25. Qa6+ Kb8 26. Rd6 Ne7 27. Red1 Re8 28. Rd7 Nd5 29. Rxc7 Nxc7 30. Qb6+ Kc8 31. bxa5 Rxe5 32. Kf2 Nxa5 33. Rb1 Nc4 34. Qb8+ Kd7 35. Rd1+ Nd6 36. Qb4 c5 37. Qb3 c4 38. Qxc4 Re7 39. a4 h5 40. a5 Re6 41. a6 Kc8 42. Qd3 Nxa6 43. Rc1+ Kd7 44. Kf3 Nb4 45. Qd1 Ke7 46. Qa4 Nd3 47. Rc7+ Kf6 48. h4 Ne5+ 49. Ke2 Ng4 50. Qd4+ Ne5 51. Rc5 Ne4 52. Rc8 Rd6 53. Qa4 Rd2+ 54. Kf1 Ng4 55. Ke1 Nxe3 56. Rc6+ Ke5 57. Qa1+ Kf4 0-1

[Event "4NCL Online Division 7"]
[Site "online"]
[Date "2021.02.23"]
[EventDate "2021.02.23"]
[Round "3.341"]
[White "Angelopoulos, Andreas"]
[WhiteElo "1509"]
[WhiteTeam "Barnet Knights D"]
[Black "Burke, Alexander"]
[BlackElo "1187"]
[BlackTeam "Manchester Juniors D"]
[Result "1-0"]
[PlyCount "119"]

1. d4 d5 2. c4 e6 3. Nc3 Nf6 4. Bg5 Be7 5. Nf3 h6 6. Bh4 b6 7. e3 Bb7 8. Bd3 Nbd7 9. O-O Ne4 10. Bxe7 Qxe7 11. cxd5 exd5 12. Qb3 Nxc3 13. bxc3 O-O 14. Rac1 c5 15. Bb1 c4 16. Qc2 Nf6 17. Rfe1 Ne4 18. Nd2 Qd6 19. Nxe4 dxe4 20. Qe2 Qe6 21. a3 Bd5 22. Ba2 b5 23. Rb1 a6 24. Rb4 Rfb8 25. Reb1 Qc6 26. a4 Ra7 27. Bxc4 Rab7 28. Bxd5 Qxd5 29. axb5 axb5 30. h3 f5 31. c4 bxc4 32. Rxb7 Rxb7 33. Rxb7 Qxb7 34. Qxc4+ Kh8 35. Qc5 Qb1+ 36. Kh2 Qb8+ 37. g3 Qd8 38. Qxf5 Qe8 39. f3 exf3 40. Qxf3 Qb8 41. d5 Qa8 42. e4 Qa2+ 43. Qg2 Qc4 44. d6 Qe6 45. e5 Qxe5 46. d7 Qb8 47. Qd2 Qd8 48. Qd5 Kh7 49. Qe6 Qf8 50. Kg2 Qa8+ 51. Kf2 Qa7+ 52. Kf3 Qb7+ 53. Qe4+ Qxe4+ 54. Kxe4 h5 55. d8=Q Kh6 56. Qd6+ Kh7 57. Kf5 Kh8 58. Kg6 Kg8 59. Qe6+ Kh8 60. Qe8# 1-0

[Event "4NCL Online Division 7"]
[Site "online"]
[Date "2021.02.23"]
[EventDate "2021.02.23"]
[Round "3.342"]
[White "Eccleston, Rowan"]
[WhiteElo "1181"]
[WhiteTeam "Manchester Juniors D"]
[Black "Oh, Julie"]
[BlackElo "1503"]
[BlackTeam "Barnet Knights D"]
[Result "0-1"]
[PlyCount "70"]

1. f4 c5 2. Nf3 e6 3. e3 a6 4. b3 Nc6 5. Bb2 b5 6. Bd3 Nf6 7. O-O Be7 8. Qe1 Bb7 9. Qg3 g6 10. Qh3 d5 11. g4 d4 12. g5 Nh5 13. Be4 Rg8 14. Ne5 Qb6 15. Qg2 Rc8 16. c3 dxe3 17. dxe3 Nxe5 18. Bxb7 Rc7 19. fxe5 Qxb7 20. Qf2 Bxg5 21. Nd2 c4 22. Rad1 Qb6 23. Ne4 Bxe3 24. Nd6+ Kf8 25. Qxe3 Qxe3+ 26. Kh1 Qxe5 27. Ba3 Kg7 28. Bb2 Qe2 29. Ne8+ Rxe8 30. Bc1 cxb3 31. axb3 Rxc3 32. Rfe1 Qf3+ 33. Kg1 Rc2 34. Bd2 Nf4 35. Re2 Nxe2# 0-1

[Event "4NCL Online Division 7"]
[Site "online"]
[Date "2021.02.23"]
[EventDate "2021.02.23"]
[Round "3.343"]
[White "Gardner, Kai"]
[WhiteElo "1374"]
[WhiteTeam "Barnet Knights D"]
[Black "Fung, Marcus"]
[BlackElo "1087"]
[BlackTeam "Manchester Juniors D"]
[Result "1-0"]
[PlyCount "21"]

1. e4 e5 2. d4 exd4 3. c3 dxc3 4. Nxc3 Nc6 5. Nf3 Bc5 6. Be2 d6 7. O-O f6 8. Bc4 g5 9. Nd2 Bd7 10. Qh5+ Kf8 11. Qf7# 1-0

[Event "4NCL Online Division 7"]
[Site "online"]
[Date "2021.02.23"]
[EventDate "2021.02.23"]
[Round "3.344"]
[White "Devarakonda, Aryan"]
[WhiteElo "903"]
[WhiteTeam "Manchester Juniors D"]
[Black "Rupf, Oscar"]
[BlackElo "1365"]
[BlackTeam "Barnet Knights D"]
[Result "0-1"]
[PlyCount "88"]

1. e4 e6 2. Nf3 d5 3. e5 c5 4. c3 Nc6 5. d4 Qb6 6. Be2 Bd7 7. O-O Nge7 8. Be3 Nf5 9. Bf4 Qxb2 10. Nbd2 Qxc3 11. Nb3 Nfxd4 12. Nfxd4 Nxd4 13. Nxd4 Qxd4 14. Rb1 Qxd1 15. Rfxd1 b6 16. Bb5 Bxb5 17. Rxb5 Be7 18. Rd3 O-O 19. Rh3 c4 20. Be3 Rfc8 21. f3 c3 22. f4 c2 23. g4 c1=Q+ 24. Bxc1 Rxc1+ 25. Kg2 Rc2+ 26. Kg3 Rc3+ 27. Kg2 Rxh3 28. Kxh3 Rc8 29. g5 g6 30. Rb3 d4 31. Kg4 Rc3 32. Rb2 d3 33. Rd2 Bb4 34. f5 exf5+ 35. Kf3 Ra3 36. Ke3 Bxd2+ 37. Kxd2 Kf8 38. h4 Ke7 39. h5 Ke6 40. hxg6 fxg6 41. Kc1 Kxe5 42. Kb2 d2 43. Kc2 Rd3 44. Kd1 Ke4 0-1

[Event "4NCL Online Division 7"]
[Site "online"]
[Date "2021.03.09"]
[EventDate "2021.03.09"]
[Round "4.11"]
[White "Jones, Thomas AJ"]
[WhiteElo "1995"]
[WhiteTeam "Throw in the Tal"]
[Black "Guthrie, David"]
[BlackTitle "CM"]
[BlackElo "2216"]
[BlackTeam "Kings Head"]
[Result "0-1"]
[PlyCount "92"]

1. e4 c5 2. Nc3 Nc6 3. f4 g6 4. Nf3 Bg7 5. a3 d6 6. Bc4 Nf6 7. d3 O-O 8. O-O Bg4 9. h3 Bxf3 10. Qxf3 Nd4 11. Qd1 Rb8 12. Ne2 d5 13. exd5 Nxd5 14. Nxd4 Bxd4+ 15. Kh1 e6 16. c3 Bg7 17. Qf3 b5 18. Ba2 Ne7 19. Be3 Qd6 20. Rad1 b4 21. d4 bxc3 22. dxc5 Qa6 23. bxc3 Qxa3 24. Bb1 Qxc3 25. Rc1 Qb3 26. Be4 Nd5 27. Rfe1 Rfc8 28. Rb1 Qc4 29. Rbc1 Nc3 30. Bb7 Rc7 31. c6 Qd3 32. Bxa7 Qxf3 33. gxf3 Rcxb7 34. cxb7 Rxb7 35. Bf2 h5 36. Rc2 Nd5 37. Re4 Kh7 38. Bd4 f5 39. Bxg7 fxe4 40. Be5 exf3 41. Rc8 g5 42. Rh8+ Kg6 43. Rg8+ Kf5 44. Rxg5+ Ke4 45. Bd6 Rb1+ 46. Kh2 f2 0-1

[Event "4NCL Online Division 7"]
[Site "online"]
[Date "2021.03.09"]
[EventDate "2021.03.09"]
[Round "4.12"]
[White "Ward, Julian T"]
[WhiteElo "2151"]
[WhiteTeam "Kings Head"]
[Black "Goodwin, Ed H"]
[BlackElo "1838"]
[BlackTeam "Throw in the Tal"]
[Result "1-0"]
[PlyCount "109"]

1. Nf3 c5 2. c4 Nc6 3. d4 cxd4 4. Nxd4 Qb6 5. e3 g6 6. Nc3 Nf6 7. Be2 Bg7 8. O-O O-O 9. b3 d6 10. Bb2 Nxd4 11. Qxd4 Qxd4 12. exd4 Bd7 13. Bf3 Bc6 14. d5 Bd7 15. Rfe1 Rfe8 16. h3 a6 17. a4 h5 18. Ra2 g5 19. Ne4 g4 20. hxg4 hxg4 21. Bd1 Nxe4 22. Rxe4 f5 23. Re1 Bxb2 24. Rxb2 Kf7 25. g3 e5 26. dxe6+ Rxe6 27. Rxe6 Kxe6 28. f3 gxf3 29. Bxf3 Bc6 30. Re2+ Kf6 31. Kf2 Rh8 32. Bxc6 bxc6 33. Kf3 Rh1 34. Re3 Rb1 35. g4 fxg4+ 36. Kxg4 Rg1+ 37. Kf4 Rh1 38. Ke4 Rd1 39. Rh3 d5+ 40. cxd5 cxd5+ 41. Ke3 Rb1 42. Kd4 Rd1+ 43. Kc3 Ke5 44. Rh6 d4+ 45. Kc2 Rg1 46. Rxa6 Ke4 47. Re6+ Kd5 48. Re8 Rg2+ 49. Kc1 d3 50. Rd8+ Ke4 51. a5 Ke3 52. Re8+ Kd4 53. a6 Kc3 54. Rc8+ Kxb3 55. a7 1-0

[Event "4NCL Online Division 7"]
[Site "online"]
[Date "2021.03.09"]
[EventDate "2021.03.09"]
[Round "4.13"]
[White "Griffiths, Gareth N R"]
[WhiteElo "1786"]
[WhiteTeam "Throw in the Tal"]
[Black "Mackenzie, Colin"]
[BlackElo "2046"]
[BlackTeam "Kings Head"]
[Result "0-1"]
[PlyCount "74"]

1. e4 e6 2. d4 d5 3. Nc3 Bb4 4. e5 c5 5. a3 Bxc3+ 6. bxc3 Qc7 7. Qg4 f6 8. Nf3 c4 9. Be2 Qf7 10. Qf4 Nc6 11. a4 fxe5 12. Nxe5 Qxf4 13. Bxf4 Nxe5 14. Bxe5 Nf6 15. O-O Bd7 16. a5 Bc6 17. Rfe1 Kf8 18. Bxf6 gxf6 19. Bh5 Ke7 20. Re3 Bd7 21. Rb1 Rab8 22. f4 Kd6 23. Rg3 b6 24. axb6 Rxb6 25. Rxb6+ axb6 26. Rg7 Ra8 27. Kf2 Ra3 28. Ke1 Rxc3 29. Kd2 Ra3 30. Rxh7 c3+ 31. Kd3 b5 32. Bd1 b4 33. Rxd7+ Kxd7 34. g4 Ke7 35. h4 Ra1 36. Ke2 b3 37. cxb3 Ra2+ 0-1

[Event "4NCL Online Division 7"]
[Site "online"]
[Date "2021.03.09"]
[EventDate "2021.03.09"]
[Round "4.21"]
[White "Toczek, Grzegorz"]
[WhiteTitle "FM"]
[WhiteElo "2307"]
[WhiteTeam "Newport A"]
[Black "Pantazopoulos, Stavros"]
[BlackElo "2176"]
[BlackTeam "Hebden Bridge 1"]
[Result "0-1"]
[PlyCount "80"]

1. e4 c5 2. c3 Nf6 3. e5 Nd5 4. d4 cxd4 5. Nf3 Nc6 6. cxd4 d6 7. Bc4 dxe5 8. dxe5 Be6 9. O-O g6 10. Qb3 Qd7 11. Bd2 Bg7 12. Re1 O-O 13. a4 Rfd8 14. Na3 Rac8 15. Rad1 Qc7 16. Nb5 Qb8 17. Nbd4 Nxd4 18. Nxd4 Bxe5 19. Nxe6 fxe6 20. h4 Kf7 21. Re4 Kg7 22. Rde1 Nf6 23. Rxe5 Rxd2 24. Bxe6 Rc1 25. Qb5 Rdd1 26. Rxd1 Rxd1+ 27. Kh2 Rd5 28. Bxd5 Qxe5+ 29. g3 Qxd5 30. Qb4 Kf7 31. Qf4 h5 32. b4 Qe4 33. Qd2 b6 34. a5 bxa5 35. bxa5 a6 36. Qc3 Qd5 37. Kg1 Ng4 38. Qc8 Qxa5 39. Qc4+ Kg7 40. Qe4 Qc5 0-1

[Event "4NCL Online Division 7"]
[Site "online"]
[Date "2021.03.09"]
[EventDate "2021.03.09"]
[Round "4.22"]
[White "Cook, Philip"]
[WhiteElo "2147"]
[WhiteTeam "Hebden Bridge 1"]
[Black "Rakos, Adam"]
[BlackElo "2157"]
[BlackTeam "Newport A"]
[Result "0-1"]
[PlyCount "64"]

1. d4 Nf6 2. Nf3 d6 3. g3 Nbd7 4. Bg2 g6 5. O-O Bg7 6. b3 Ne4 7. Bb2 c5 8. c4 O-O 9. Qc2 f5 10. d5 Bxb2 11. Qxb2 Ndf6 12. Nc3 e5 13. dxe6 Bxe6 14. Rad1 Nxc3 15. Qxc3 Ne4 16. Qc2 Qf6 17. Ne1 Rae8 18. Bxe4 fxe4 19. Rxd6 Qe5 20. Rd1 b6 21. Ng2 g5 22. Qd2 Rf7 23. Qd6 Qg7 24. Qc6 Bd7 25. Qd5 Qg6 26. Qd6 Qg7 27. Rd5 Bg4 28. Qc6 Rc8 29. Qd6 Bxe2 30. Re1 Bd3 31. Ne3 Rcf8 32. Ng4 Kh8 0-1

[Event "4NCL Online Division 7"]
[Site "online"]
[Date "2021.03.09"]
[EventDate "2021.03.09"]
[Round "4.23"]
[White "Yeo, Gareth"]
[WhiteElo "2133"]
[WhiteTeam "Newport A"]
[Black "Eagleton, Greg T"]
[BlackElo "2078"]
[BlackTeam "Hebden Bridge 1"]
[Result "1-0"]
[PlyCount "85"]

1. d4 Nf6 2. c4 g6 3. Nc3 Bg7 4. e4 d6 5. Nge2 O-O 6. Ng3 e5 7. d5 a5 8. Be2 Na6 9. h4 h5 10. Bg5 Qe8 11. Qd2 Nc5 12. f3 Bd7 13. Nf1 a4 14. O-O-O a3 15. b3 Nh7 16. Be3 b6 17. g4 f5 18. gxf5 gxf5 19. exf5 Bxf5 20. Ng3 Bg6 21. Rdg1 Rf4 22. Nge4 Qf7 23. Rg2 Nf8 24. Bxf4 exf4 25. Nxc5 bxc5 26. Bd3 Bd4 27. Kc2 Be3 28. Qd1 Kh7 29. Bxg6+ Nxg6 30. Ne4 Qe7 31. Qd3 Rg8 32. Rg5 Kh6 33. Rh2 Qg7 34. Kb1 Qf7 35. Rhg2 Ne5 36. Qf1 Rxg5 37. hxg5+ Kg6 38. Nf6 Kg7 39. Qh1 Qg6+ 40. Rc2 Qxg5 41. Rg2 Ng4 42. Qxh5 Qxf6 43. Qxg4+ 1-0

[Event "4NCL Online Division 7"]
[Site "online"]
[Date "2021.03.09"]
[EventDate "2021.03.09"]
[Round "4.24"]
[White "Clarkson, Andrew"]
[WhiteElo "2043"]
[WhiteTeam "Hebden Bridge 1"]
[Black "Graczyk-Gibiec, Barbara"]
[BlackElo "1930"]
[BlackTeam "Newport A"]
[Result "0-1"]
[PlyCount "112"]

1. e4 e6 2. d4 d5 3. Nc3 Nf6 4. Bg5 dxe4 5. Nxe4 c6 6. c3 Nbd7 7. Qf3 Be7 8. Nxf6+ Nxf6 9. Bd3 Qb6 10. Qe2 Bd7 11. Nf3 h6 12. Bh4 c5 13. O-O cxd4 14. Nxd4 O-O 15. Rfe1 Rfe8 16. Rad1 Rad8 17. Nf3 Nd5 18. Bxe7 Rxe7 19. g3 Nf6 20. Ne5 Be8 21. Kg2 Nd7 22. Nc4 Qc7 23. Be4 Nc5 24. Bf3 Bb5 25. b3 Red7 26. Qe5 Qxe5 27. Nxe5 Rxd1 28. Rxd1 Rxd1 29. Bxd1 f6 30. b4 Ne4 31. c4 fxe5 32. cxb5 Nc3 33. Bb3 Kf7 34. Kf3 Ke7 35. a3 Nb1 36. Ba4 Nxa3 37. Ke4 Kd6 38. Kd3 Kd5 39. Bb3+ Kd6 40. Ba4 a6 41. bxa6 bxa6 42. Ke4 Nc4 43. f4 exf4 44. gxf4 Nd2+ 45. Kd3 Nf1 46. h3 Ng3 47. b5 axb5 48. Bxb5 Ke7 49. Ke3 Kf6 50. Kf3 Nf5 51. Ke4 Nd6+ 52. Kf3 Nxb5 53. Kg4 Nd4 54. Kh5 Kf5 55. h4 Kxf4 56. Kg6 e5 0-1

[Event "4NCL Online Division 7"]
[Site "online"]
[Date "2021.03.09"]
[EventDate "2021.03.09"]
[Round "4.31"]
[White "Jarmany, David"]
[WhiteElo "2306"]
[WhiteTeam "Hackney Spice Boys"]
[Black "Bush, Ian"]
[BlackElo "1782"]
[BlackTeam "Oxford 4"]
[Result "1-0"]
[PlyCount "75"]

1. e4 d6 2. d4 Nf6 3. Nc3 g6 4. f3 c6 5. Be3 b5 6. Qd2 Nbd7 7. g4 Nb6 8. h4 h5 9. g5 Nfd7 10. d5 Ne5 11. dxc6 Nbc4 12. Bxc4 Nxc4 13. Qd4 Rg8 14. Nge2 Be6 15. Nd5 Bg7 16. Qd3 Qa5+ 17. b4 Qd8 18. Bd4 Bxd5 19. exd5 Bxd4 20. Nxd4 Qb6 21. a4 Ne5 22. Qd2 Qxd4 23. Qxd4 Nxf3+ 24. Kf2 Nxd4 25. axb5 Nxb5 26. Ra5 Nc7 27. Rha1 Kf8 28. c4 a6 29. b5 Kg7 30. b6 Rab8 31. bxc7 Rbc8 32. Rxa6 Rxc7 33. Ra7 Rgc8 34. Rxc7 Rxc7 35. Rb1 Rc8 36. Rb7 f5 37. Rxe7+ Kf8 38. Rd7 1-0

[Event "4NCL Online Division 7"]
[Site "online"]
[Date "2021.03.09"]
[EventDate "2021.03.09"]
[Round "4.32"]
[White "Cole, Graham"]
[WhiteElo "1802"]
[WhiteTeam "Oxford 4"]
[Black "Robinson, Adam"]
[BlackElo "1993"]
[BlackTeam "Hackney Spice Boys"]
[Result "0-1"]
[PlyCount "100"]

1. e4 c5 2. Nf3 Nc6 3. d4 cxd4 4. Nxd4 Nf6 5. Nc3 g6 6. Be3 Bg7 7. Nxc6 bxc6 8. e5 Ng8 9. f4 d6 10. exd6 exd6 11. Qd2 Nf6 12. O-O-O Bg4 13. Qxd6 Bxd1 14. Qxc6+ Nd7 15. Qe4+ Kf8 16. Nxd1 Rb8 17. Bc4 Qe7 18. Qxe7+ Kxe7 19. Bxa7 Rb4 20. Re1+ Kd6 21. Bxf7 Rxf4 22. Bb3 Bh6 23. Re6+ Kc7 24. Be3 Rh4 25. Bxh6 Rxh6 26. h3 Rd8 27. Re1 Rh5 28. Nc3 Rg5 29. g4 h5 30. Nd5+ Kb7 31. Nf4 Nc5 32. gxh5 gxh5 33. a3 Rf5 34. Ne6 Nxb3+ 35. cxb3 Rd7 36. b4 Kb6 37. Nc5 Rg7 38. Kc2 Rf3 39. h4 Rg2+ 40. Kb1 Rh3 41. Re6+ Kb5 42. Re5 Kc4 43. Re4+ Kd5 44. Rf4 Ke5 45. Rc4 Rg4 46. Rc1 Kd5 47. b5 Rc4 48. b6 Rxc1+ 49. Kxc1 Kxc5 50. b7 Rb3 0-1

[Event "4NCL Online Division 7"]
[Site "online"]
[Date "2021.03.09"]
[EventDate "2021.03.09"]
[Round "4.33"]
[White "Wright, Robert"]
[WhiteElo "1975"]
[WhiteTeam "Hackney Spice Boys"]
[Black "Rogan, Killian"]
[BlackElo "1802"]
[BlackTeam "Oxford 4"]
[Result "1-0"]
[PlyCount "83"]

1. e4 c5 2. Nf3 d6 3. d4 cxd4 4. Nxd4 Nf6 5. Nc3 a6 6. Bg5 e6 7. f4 h6 8. Bh4 Qb6 9. Bxf6 gxf6 10. Qd2 Qxb2 11. Rb1 Qa3 12. Bc4 b5 13. Bb3 Bb7 14. O-O Qc5 15. Kh1 Nd7 16. Rfe1 Rc8 17. Nd5 exd5 18. exd5+ Kd8 19. Nf5 Nb6 20. Rbd1 Kc7 21. Re3 Kb8 22. Qe2 h5 23. Re8 Bh6 24. Rxc8+ Bxc8 25. Qxh5 Bxf5 26. Qxf5 Qf2 27. Qxf6 Rh7 28. Qxd6+ Kc8 29. Qc6+ Kd8 30. Qd6+ Ke8 31. Qe5+ Kf8 32. Qb8+ Kg7 33. Qe5+ Kg6 34. Qe4+ Kg7 35. Qe5+ Kg8 36. Qe8+ Bf8 37. Re1 Qxf4 38. h3 Rg7 39. Qd8 Qf2 40. Rg1 Qd4 41. Qe8 Nxd5 42. Qd8 1-0